| 000 | 00813nam a2200217Ia 4500 | ||
|---|---|---|---|
| 001 | 13596 | ||
| 005 | 20260323122439.0 | ||
| 008 | 260306t2016||||xx |||||||||||||| ||spa|| | ||
| 041 | _aESP | ||
| 082 |
_a005.1 _bC48 |
||
| 100 |
_aCervantes Maceda, Humberto _eAUT |
||
| 245 | 0 |
_aArquitectura de software: _bconceptos y ciclo de desarrollo |
|
| 260 | _c2016 | ||
| 300 |
_axvii, 166 páginas : _c24 cm. |
||
| 650 | _aGEN | ||
| 654 | _aCCC | ||
| 856 |
_uhttps://itmsp.museknowledge.com/UCSP?url=https://www.ebooks7-24.com:443/?il=1983&pg=1 _zVersión digital |
||
| 856 |
_uhttps://0u213tp95-y-https-ebooks7--24-com.itmsp.museknowledge.com/biblioteca.aspx _zVéase además: Base de datos Ebook7-24 |
||
| 856 |
_uhttps://dl.acm.org/ _zVéase además: Base de datos ACM Digital Library |
||
| 942 |
_cLIB _dJUS _fJUS _2ddc |
||
| 999 |
_c13596 _d13596 |
||